مكتبة جامعة عجلون الوطنية

فهرس بحث المكتبة

على العهد : كتاب مصور بعدسة المصور الخاص يوسف العلان / (Record no. 34159)

MARC details
000 -LEADER
fixed length control field 00895nam a22002057a 4500
003 - CONTROL NUMBER IDENTIFIER
control field JO-AjAnu
005 - DATE AND TIME OF LATEST TRANSACTION
control field 20260106084038.0
008 - FIXED-LENGTH DATA ELEMENTS--GENERAL INFORMATION
fixed length control field 260106b jo ||||| |||| 00| 0 ara d
020 ## - INTERNATIONAL STANDARD BOOK NUMBER
International Standard Book Number 9789923946503
040 ## - CATALOGING SOURCE
Original cataloging agency JO-AjAnu
Language of cataloging ara
Transcribing agency JO-AjAnu
Description conventions rda
041 ## - LANGUAGE CODE
Language code of text/sound track or separate title ara
Language code of original ara
050 ## - LIBRARY OF CONGRESS CALL NUMBER
Classification number DS154.6
Item number .D48 2024
110 #1 - MAIN ENTRY--CORPORATE NAME
Corporate name or jurisdiction name as entry element الديوان الملكي الهاشمي
Relator term مشرف
9 (RLIN) 66928
245 00 - TITLE STATEMENT
Title على العهد : كتاب مصور بعدسة المصور الخاص يوسف العلان /
Statement of responsibility, etc. اشراف الديوان الملكي الهاشمي
250 ## - EDITION STATEMENT
Edition statement الطبعة الاولى
260 ## - PUBLICATION, DISTRIBUTION, ETC.
Place of publication, distribution, etc. عمان :
Name of publisher, distributor, etc. الديوان الملكي الهاشمي،
Date of publication, distribution, etc. 2024
300 ## - PHYSICAL DESCRIPTION
Extent 255 صفحة
650 00 - SUBJECT ADDED ENTRY--TOPICAL TERM
Topical term or geographic name entry element عهد الملك عبدالله الثاني1999-الانجازات-الصور الفوتوغرافية-التاريخ السياسي-الاردن
9 (RLIN) 66929
942 ## - ADDED ENTRY ELEMENTS (KOHA)
Source of classification or shelving scheme Library of Congress Classification
Koha item type Reference
Suppress in OPAC No
Holdings
Withdrawn status Lost status Source of classification or shelving scheme Damaged status Not for loan Home library Current library Date acquired Total Checkouts Full call number Barcode Date last seen Price effective from Koha item type
    Library of Congress Classification     مكتبة جامعة عجلون الوطنية مكتبة جامعة عجلون الوطنية 06/01/2026   DS154.6 .D48 2024 a30604 06/01/2026 06/01/2026 Reference